| 000 | 01011nam a22002297a 4500 | ||
|---|---|---|---|
| 999 |
_c21139 _d21139 |
||
| 003 | AR-CdUCM | ||
| 008 | 190313b ||||| |||| 00| 0 spa d | ||
| 040 |
_aMUNICIPALIDAD PROVINCIAL DEL CUSCO _cBIBLIOTECA MUNICIPAL DEL CUSCO |
||
| 082 |
_a398.265 / V74 _bV74 |
||
| 245 |
_aVirgen del Rosario Huallhua San Salvador / _cGobierno Regional Cusco |
||
| 260 |
_aCusco : _bAguilar, _c2018. |
||
| 300 |
_a235 páginas ; _bilustraciones en color ; _c31x24 cm. |
||
| 505 | _aContenido: La hacienda de Huallhua -- La virgen del Rosario -- La capilla -- La festividad de la virgen del Rosario -- Relación con el señor de Huanca -- Las comparsas. | ||
| 650 |
_aFiestas religiosas costumbristas - Perú _917560 |
||
| 650 |
_aFestividades - Perú _917561 |
||
| 650 |
_aDistrito de San Salvador _944131 |
||
| 650 |
_aProvincia de Urubamba _944132 |
||
| 710 |
_aGobierno Regional del Cusco _99437 |
||
| 710 |
_aDirección Regional de Comercio Exterior y Turismo Cusco _944133 |
||
| 942 |
_2ddc _cLIBROS |
||
| 945 | _aRoel | ||